100 places to see after you die : (Record no. 14901)
[ view plain ]
| 000 -LEADER | |
|---|---|
| fixed length control field | 02321cam a22002538i 4500 |
| 001 - CONTROL NUMBER | |
| control field | 11259 |
| 003 - CONTROL NUMBER IDENTIFIER | |
| control field | IN-BhIIT |
| 005 - DATE AND TIME OF LATEST TRANSACTION | |
| control field | 20250912182035.0 |
| 008 - FIXED-LENGTH DATA ELEMENTS--GENERAL INFORMATION | |
| fixed length control field | 221031s2023 nyu o 001 0 eng |
| 020 ## - INTERNATIONAL STANDARD BOOK NUMBER | |
| ISBN | 9781501131592 (pbk.) |
| 040 ## - CATALOGING SOURCE | |
| Original cataloging agency | IN-BhIIT |
| 041 ## - LANGUAGE CODE | |
| Language code of text | eng |
| 082 00 - DEWEY DECIMAL CLASSIFICATION NUMBER | |
| Classification number | 202.3 |
| Book number | JEN/P |
| 100 1# - MAIN ENTRY--AUTHOR NAME | |
| Personal name | Jennings, Ken, |
| Relator term | Author. |
| 245 10 - TITLE STATEMENT | |
| Title | 100 places to see after you die : |
| Sub Title | a travel guide to the afterlife / |
| Statement of responsibility, etc | Ken Jennings. |
| 260 ## - PUBLICATION, DISTRIBUTION, ETC. (IMPRINT) | |
| Place of publication | New York : |
| Name of publisher | Scribner, |
| Year of publication | 202. |
| 300 ## - PHYSICAL DESCRIPTION | |
| Number of Pages | 305 p. : |
| Other physical details(ill.) | ill. ; |
| Dimensions(size) | 24 cm. |
| 505 0# - FORMATTED CONTENTS NOTE | |
| Formatted contents note | Mythology -- Religion -- Books -- Movies -- Television -- Music and theater -- Miscellaneous. |
| 520 ## - SUMMARY, ETC. | |
| Summary, etc | "100 Places to See After You Die is written in the style of iconic bestselling travel guides. But instead of recommending must-see destinations in Mexico, Thailand, or Rome, this book outlines journeys through the afterlife, as dreamed up over the past 5,000 years of human history by our greatest prophets, poets, mystics, artists, and TV showrunners. Where's the best place to grab a bite to eat in the ancient Egyptian underworld? Which circles of Dante's Inferno have the nicest accommodations? How does one dress like a local in the heavenly palace of Hinduism's Lord Vishnu, or avoid the flesh-eating river serpents in the Klingon afterlife? What are the hidden treasures to be found off the beaten path in Hades, Valhalla, or NBC's The Good Place? This book answers all those questions and more about the world(s) to come. The destiny of the human soul in the great beyond is one of life's deepest mysteries. But you won't have to wonder anymore! 100 Places to See After You Die comprehensively indexes one hundred different afterlife destinations, exhaustively researched from sources ranging from the Epic of Gilgamesh to modern-day pop songs, video games, and Simpsons episodes. Be ready for whatever post-mortal destiny awaits, whether you're hoping for the astral plane, a Hieronymus Bosch hellscape, or the baseball diamond from Field of Dreams. This is one trip no one should leave to chance. Most vacation sojourns are brief, but this destination could be your eternal resting place!"-- |
| 650 #0 - SUBJECT ADDED ENTRY--TOPICAL TERM | |
| Topical Term | Philosophy |
| General subdivision | Psychology and Religion |
| Topical Term | Religions |
| General subdivision | Mythology |
| -- | Rationalism  |
| Topical Term | Eschatology |
| 942 ## - ADDED ENTRY ELEMENTS (KOHA) | |
| Koha item type | General Books |
| Withdrawn status | Lost status | Damaged status | Not for loan | Collection code | Home library | Current library | Date acquired | Source of acquisition | Cost, normal purchase price | Full call number | Accession Number | Cost, replacement price | Price effective from | Koha item type |
|---|---|---|---|---|---|---|---|---|---|---|---|---|---|---|
| Not withdrawn | Not Lost | not damaged | GEN | Central Library, IIT Bhubaneswar | Central Library, IIT Bhubaneswar | 07/03/2025 | 33 | 524.25 | 202.3 JEN/P | 11259 | 699.00 | 07/03/2025 | General Books |